|
|
|
|
| LEADER |
02417nam a2200577 4500 |
| 001 |
ocn922697945 |
| 003 |
OCoLC |
| 005 |
20170124070011.9 |
| 006 |
m o d |
| 007 |
cr cnu|||unuuu |
| 008 |
151002s2016 enk ob 001 0 eng d |
| 040 |
|
|
|a N$T
|b eng
|e rda
|e pn
|c N$T
|d N$T
|d IDEBK
|d YDXCP
|d DG1
|d CDX
|d COO
|d OCLCF
|d DEBBG
|d KSU
|d GrThAP
|
| 020 |
|
|
|a 9781118403211
|q electronic bk.
|
| 020 |
|
|
|a 1118403215
|q electronic bk.
|
| 020 |
|
|
|a 9781118403204
|q (electronic bk.)
|
| 020 |
|
|
|a 1118403207
|q (electronic bk.)
|
| 020 |
|
|
|z 9781118350812
|
| 020 |
|
|
|a 1118350812
|
| 020 |
|
|
|a 9781118350812
|
| 029 |
1 |
|
|a DEBBG
|b BV043398041
|
| 035 |
|
|
|a (OCoLC)922697945
|
| 050 |
|
4 |
|a TJ214.5
|
| 072 |
|
7 |
|a TEC
|x 009060
|2 bisacsh
|
| 072 |
|
7 |
|a TEC
|x 018000
|2 bisacsh
|
| 072 |
|
7 |
|a TEC
|x 020000
|2 bisacsh
|
| 072 |
|
7 |
|a TEC
|x 040000
|2 bisacsh
|
| 082 |
0 |
4 |
|a 670.427
|2 23
|
| 049 |
|
|
|a MAIN
|
| 100 |
1 |
|
|a Gurocak, Hakan,
|e author.
|
| 245 |
1 |
0 |
|a Industrial motion control :
|b motor selection, drives, controller tuning, applications /
|c Hakan Gürocak.
|
| 264 |
|
1 |
|a West Sussex :
|b Wiley,
|c 2016.
|
| 300 |
|
|
|a 1 online resource
|
| 336 |
|
|
|a text
|b txt
|2 rdacontent
|
| 337 |
|
|
|a computer
|b c
|2 rdamedia
|
| 338 |
|
|
|a online resource
|b cr
|2 rdacarrier
|
| 505 |
0 |
|
|a Motion Profile -- Drive-Train Design -- Electric Motors -- Sensors and Control Devices -- AC Drives -- Motion Controller Programming and Applications -- Overview of Control Theory.
|
| 504 |
|
|
|a Includes bibliographical references and index.
|
| 588 |
0 |
|
|a Online resource; title from PDF title page (EBSCO, viewed October 6, 2015).
|
| 650 |
|
0 |
|a Motion control devices.
|
| 650 |
|
0 |
|a Manufacturing processes
|x Automation.
|
| 650 |
|
0 |
|a Computer integrated manufacturing systems.
|
| 650 |
|
7 |
|a TECHNOLOGY & ENGINEERING / Industrial Engineering
|2 bisacsh
|
| 650 |
|
7 |
|a TECHNOLOGY & ENGINEERING / Industrial Technology
|2 bisacsh
|
| 650 |
|
7 |
|a TECHNOLOGY & ENGINEERING / Manufacturing
|2 bisacsh
|
| 650 |
|
7 |
|a TECHNOLOGY & ENGINEERING / Technical & Manufacturing Industries & Trades
|2 bisacsh
|
| 650 |
|
7 |
|a Computer integrated manufacturing systems.
|2 fast
|0 (OCoLC)fst00872216
|
| 650 |
|
7 |
|a Manufacturing processes
|x Automation.
|2 fast
|0 (OCoLC)fst01008141
|
| 650 |
|
7 |
|a Motion control devices.
|2 fast
|0 (OCoLC)fst01027082
|
| 655 |
|
4 |
|a Electronic books.
|
| 856 |
4 |
0 |
|u https://doi.org/10.1002/9781118403211
|z Full Text via HEAL-Link
|
| 994 |
|
|
|a 92
|b DG1
|